Weiss bol pre všetkých jasný nový kouč futbalovej reprezentácie

Bibliographic Details
Main Author: Mikula, Ján (Author)
Format: Article
Language:Slovak
PhysicalDescription:Fotogr.
ISSN:1335-440X
Subjects:

MARC

LEADER 00000nab a2200000 ar4500
001 vtls009340715
003 SK-MaSNL
005 20260303055554.0
008 081001c20080708xo dr|p|||||||000 b|slo
015 |a SNBRB2008/10  |2 snkbucl 
040 |a SNKBUCL  |b slo  |c SNKBUCL  |e AACR2 
041 0 |a slo 
044 |a xo  |c SK 
080 |a 796.332.071/.072  |2 2001 
080 |a 929 Weiss, Vladimír  |2 2001 
100 1 |a Mikula, Ján  |4 aut  |9 6564 
245 1 0 |a Weiss bol pre všetkých jasný  |b nový kouč futbalovej reprezentácie 
300 |b Fotogr. 
500 |a Od 15.1.2007 návrat k pôvodnému vročeniu 
600 1 7 |a Weiss, Vladimír,  |d 1964-  |2 snkbucl  |9 104281 
650 0 7 |a futbal  |2 snkbucl  |9 3291 
655 7 |a profily  |2 snkbucl  |9 341977 
773 0 |t Sme  |g Roč. 16, č. 157 (8.7.2008), s. 13  |x 1335-440X 
852 |a SNK  |b KIS3GCP 
958 |a SK 
958 |a BX 
999 |c 1727989  |d 1729919